00000000nam##2200000za#4500
0019.588785
003CaOODSP
00520210624195318
007cr |||||||||||
008150406|1989||||xxc|||||o    f|0| 0 eng|d
040 |aCaOODSP|beng
041 |aeng
041 |afre
043 |an-cn---
0861 |aCS98-101/1989-PDF
24500|aSt. John's |h[electronic resource]
260 |aOttawa - Ontario : |bStatistics Canada |c1989.
4901 |aMetropolitan atlas series |v98-101
500 |aHistorical census publication digitized by Statistics Canada.
590 |a13-07-Supp|b2013-03-25
69007|aCensus data|2gcpds
69007|aDemographic maps|2gcpds
7102 |aStatistics Canada.
792 |tSt. John's |efre|w(CaOODSP)9.588786
830#0|aMetropolitan atlas series ;|v98-101|w(CaOODSP)9.500695
85640|ahttp://publications.gc.ca|qPDF|s31.5 MB|uhttps://publications.gc.ca/collections/collection_2013/statcan/rh-hc/CS98-101-1989.pdf|y98-101